A belső kontrollkörnyezet kialakítása a SOX 404 és a COSO-modell alapján

Bibliográfiai részletek
Szerző: Szelei Réka
További közreműködők: Madarasiné Dr. Szirmai Andrea
Dokumentumtípus: Diplomadolgozat
Kulcsszavak:sox
belső kontrollkörnyezet
coso
Online Access:http://dolgozattar.uni-bge.hu/9705

MARC

LEADER 00000nta a2200000 i 4500
001 dolg9705
005 20161219162049.0
008 161219suuuu hu om 000 hun d
040 |a BGE Dolgozattár Repozitórium  |b hun 
041 |a hu 
100 1 |a Szelei Réka 
245 1 2 |a A belső kontrollkörnyezet kialakítása a SOX 404 és a COSO-modell alapján  |c Szelei Réka  |h [elektronikus dokumentum] 
246 1 1 |a A belső kontrollkörnyezet kialakítása a SOX 404 és a COSO-modell alapján 
246 1 1 |a Design of the Internal Control Environment based on the SOX 404 and the COSO model 
695 |a sox 
695 |a belső kontrollkörnyezet 
695 |a coso 
700 1 |a Madarasiné Dr. Szirmai Andrea  |e ths 
856 4 0 |u http://dolgozattar.uni-bge.hu/9705/1/Szelei%20R%C3%A9ka%20-%20Szakdolgozat%20-%20final.pdf  |z Dokumentum-elérés